000 00809nam a2200253Ia 4500
003 OSt
005 20220926020439.0
006 a|||||r|||| 00| 0
007 ta
008 220923b |||||||| |||| 00| 0 eng d
020 _a9781138826243
_c1488.83
037 _bP-1006/18-19, 05/03/2019, Manohar Publishers & Distributors
_cGeneral Book
040 _aRTL
_cRTL
_beng
041 _2eng
_aeng
082 _aS:44, Q7
100 _aHANSCOMB Stuart
_9324459
245 0 _aCritical thinking
_b The basics.
260 _aNew York
_bRoutledge
_c2017
300 _avii, 252p.
_ccm.
500 _aBibliography chapterwise
650 _aSociology
942 _hS:44, Q7
_cGB
_2CC
999 _c634270
_d634270